LEADER 01278nam a2200313 u 4500 001 000000038957 003 CaOOAMICUS 005 20070226113932.0 008 980429s1984 it u000 u ita u 020 $a8814044279 035 $a10793015 040 $aPUL(R)$bita 100 1 $aBernardini, Piero.$0(OLS)http://pul/name/29021 245 12$aL'arbitrato internazionale /$cPiero Bernardini. 250 $a2. ed. 260 $aMilano :$bA. Giuffrè,$cc1994. 300 $ax, 308 p. ;$c25 cm 490 1 $aLuiss. Libera università internazionale degli studi sociali, Roma. Collana di studi giuridici ;$v5 500 $a"Indice analitico": pp. [307]-308. 504 $aBibliografia in nota. 650 4$aArbitrato internazionale.$0(OLS)http://pul/subject/18113 830 0$aCollana di studi giuridici (LUISS) ;$v5.$0(OLS)http://pul/title/52794 850 $aPUL 852 $aPUL$W1$xSL Diritto e Scienze Sociali 1$y4$m179 A 137$j53008$nBK-PRI$b $qStampati$B53008$CPULBib$Z2$F53008 $H $81 941 1 $a8 961 $aINV: 73235 996 $6020$a8814044279$9(OLS)http://pul/number/48503 996 $6245$aL'arbitrato internazionale$9(OLS)http://pul/title/52793 996 $6260$aMilano :$bA. Giuffrè$9(OLS)http://pul/publisher/48096 LEADER 01342nam a2200337 a 4500 001 000000151148 003 CaOOAMICUS 005 20160408092843.0 008 160408s2016 it a u000 u ita r 020 $a978-88-372-2935-1* 032 $aLibriCat 040 $aPUL$bita 082 04$a295 100 1 $aPanaino, Antonio C.D.$0(OLS)http://pul/name/96181 245 10$aZoroastrismo :$bstoria, temi, attualità /$cAntonio C.D. Panaino. 260 $aBrescia :$bMorcelliana,$c©2016. 300 $a178 p. :$bill. ;$c23 cm. 490 1 $aScienze e storia delle religioni. Nuova serie ;$v21 500 $aComprende indici. 504 $aBibliografia in nota. 650 4$aZoroastrismo.$0(OLS)http://pul/subject/4344 830 0$aScienze e storia delle religioni.$pNuova serie ;$v21.$0(OLS)http://pul/title/144146 850 $aPUL 852 $aPUL$W1$xSL Religione 3$y85$m295 PANAN 1$j173596$qDDC 21$B175930$CPULBib$Z2$F175930 $H127600 $81 941 1 $a9 960 $aMazdeismo$94344 996 $6020$a978-88-372-2935-1*$9(OLS)http://pul/number/160218 996 $6082$a295$9(OLS)http://pul/classification/2954 996 $6245$aZoroastrismo :$bstoria, temi, attualità$9(OLS)http://pul/title/190350 996 $6260$aBrescia :$bMorcelliana$9(OLS)http://pul/publisher/47854